| 000 | 02493cam a22003858i 4500 | ||
|---|---|---|---|
| 001 | 21650619 | ||
| 003 | NUST | ||
| 005 | 20240306093429.0 | ||
| 008 | 200803s2021 nyu b 001 0 eng | ||
| 010 | _a 2020035347 | ||
| 020 |
_a9780367458966 _q(paperback) |
||
| 020 |
_z9781003026037 _q(ebook) |
||
| 038 | _aMalang Jan | ||
| 040 |
_aDLC _beng _erda _cDLC |
||
| 042 | _apcc | ||
| 050 | 0 | 0 |
_aNA2708 _b.A27 2021 |
| 082 | 0 | 0 |
_a720.284 _223 _bABR |
| 100 | 1 |
_aAbrams, Michael _q(Michael C.) _eauthor. _9121874 |
|
| 245 | 1 | 4 |
_aThe art of city sketching : _ba field manual / _cMichael Abrams. |
| 250 | _a2nd edition. | ||
| 263 | _a2102 | ||
| 264 | 1 |
_aNew York : _bRoutledge, _c2021. |
|
| 300 |
_a416p.: _bill; |
||
| 336 |
_atext _btxt _2rdacontent |
||
| 337 |
_aunmediated _bn _2rdamedia |
||
| 338 |
_avolume _bnc _2rdacarrier |
||
| 362 | _a2021. | ||
| 504 | _aIncludes bibliographical references and index. | ||
| 520 |
_a"The Art of City Sketching: A Field Manual guides readers through the process of free-hand architectural sketching and explains orthographic, diagrammatic, three-dimensional, and perceptual-type drawings. The book presents hundreds of drawings of historic buildings and urban spaces, examples, and exercises, which help readers develop their drawing skills and employ sketching as an analytical tool. The book is divided into three parts, based on reader's skill level: beginner, intermediate, and advanced. As an architect and field sketching instructor, the author shows that through drawing the reader can discover, analyze, and comprehend the built environment. The new edition of The Art of City Sketching expands on the drawing techniques of the previous version by adding new drawing examples, exercises, and two new chapters-- Chiaroscuro and Storyboard. New drawing tips, demonstrations, and composition "do's and don'ts" would support readers when they illustrate their viewpoint of the city by using simple drawing tools. The lessons in this book would allow those with beginners, intermediate, and advanced skills to mix method with imagination and sensibility"-- _cProvided by publisher. |
||
| 650 | 0 |
_aArchitectural drawing _xTechnique. _931736 |
|
| 776 | 0 | 8 |
_iOnline version: _aAbrams, Michael (Michael C.) _tArt of city sketching. _b2nd edition _dNew York : Routledge, 2021 _z9781003026037 _w(DLC) 2020035348 |
| 906 |
_a7 _bcbc _corignew _d1 _eecip _f20 _gy-gencatlg |
||
| 942 |
_2ddc _cBK |
||
| 999 |
_c608566 _d608566 |
||